书目信息 |
| 题名: |
现代市场营销学
|
|
| 作者: | 吴泗宗 主编 | |
| 分册: | ||
| 出版信息: | 上海 同济大学出版社 2000.08 |
|
| 页数: | 457页 | |
| 开本: | 32开 | |
| 丛书名: | ||
| 单 册: | ||
| 中图分类: | F713.50 | |
| 科图分类: | ||
| 主题词: | 商业经济--国内 | |
| 电子资源: | ||
| ISBN: | 7-5608-2175-8 | |
| 000 | 00562nam0 2200193 45 | |
| 001 | 0011251612 | |
| 005 | 20001125161829.4 | |
| 010 | @a7-5608-2175-8@d22.00元 | |
| 100 | @a20001125d2000 km y0chiy0120 ea | |
| 101 | 0 | @achi |
| 105 | @a z 000yy | |
| 200 | 1 | @a现代市场营销学@AXian Dai Shi Chang Ying Xiao Xue@f吴泗宗主编@FWu Si Zong Zhu Bian |
| 210 | @a上海@c同济大学出版社@d2000.08 | |
| 215 | @a457页@d32开 | |
| 606 | 0 | @a商业经济@x国内 |
| 690 | @aF713.50@v3 | |
| 701 | 0 | @a吴泗宗@4主编 |
| 801 | @aCN@bPftUser@c20001125 | |
| 905 | @b504558-563@dF713.50@eW950@f6 | |
| 现代市场营销学/吴泗宗主编.-上海:同济大学出版社,2000.08 |
| 457页;32开 |
| ISBN 7-5608-2175-8:22.00元 |
| ● |
| 相关链接 |
|
|
|
正题名:现代市场营销学
索取号:F713.50/W950
 
预约/预借
| 序号 | 登录号 | 条形码 | 馆藏地/架位号 | 状态 | 备注 |
| 1 | 504558 | 205045583 | 社科库409/409社科库 43排7列1层/ [索取号:F713.50/W950] | 在馆 | |
| 2 | 504559 | 205045592 | 社科库409/422社科库 36排3列2层/ [索取号:F713.50/W950] | 在馆 | |
| 3 | 504560 | 205045609 | 社科库409/422社科库 36排3列2层/ [索取号:F713.50/W950] | 在馆 | |
| 4 | 504561 | 205045618 | 社科库409/422社科库 36排3列2层/ [索取号:F713.50/W950] | 在馆 | |
| 5 | 504562 | 205045627 | 社科库409/ [索取号:F713.50/W950] | 在馆 | |
| 6 | 504563 | 205045636 | 社科库409/ [索取号:F713.50/W950] | 在馆 | |
| 7 | 504885 | 205048857 | 社科库409/409社科库 43排7列1层/ [索取号:F713.50/W950] | 在馆 | |
| 8 | 504886 | 205048866 | 社科库409/422社科库 36排3列2层/ [索取号:F713.50/W950] | 在馆 | |
| 9 | 504887 | 205048875 | 社科库409/409社科库 43排7列1层/ [索取号:F713.50/W950] | 在馆 | |
| 10 | 504888 | 205048884 | 社科库409/422社科库 36排3列2层/ [索取号:F713.50/W950] | 在馆 |